000 00481nam a2200145 a 4500
001 000045120
005 20201002045908.0
008 150203s2010 dr 000 0 spa d
040 _aDO-SdBNP
_bspa
_cBNPHU
082 _axxxxxxxx
_cxxxxxxxx
245 0 3 _aLa Nueva Constitución Dominicana :
_bavances y desafios para las mujeres.
260 _aSanto Domingo :
_bMinisterio de la mujer ;,
_c2010.
300 _a14 p. : ;
_c22 cm.
500 _a¡Trabajando por la igualdad y la equidad !
999 _c44609
_d44609